Aprender Alemán días y meses - Estadísticas

Estadísticas generales
  • Esta prueba ha sido intentada 18 veces
  • La puntuación promedio es 15 de 19
Estadísticas de respuestas
Español Alemán % Correcto
Abril April
86%
Febrero Februar
86%
Enero Januar
86%
Julio Juli
86%
Marzo März
86%
Miércoles Mittwoch
86%
Lunes Montag
86%
Noviembre November
86%
Octubre Oktober
86%
Septiembre September
86%
Agosto August
71%
Diciembre Dezember
71%
Martes Dienstag
71%
Jueves Donnerstag
71%
Junio Juni
71%
Mayo Mai
71%
Domingo Sonntag
71%
Viernes Freitag
57%
Sábado Samstag
57%
No se encontraron pruebas coincidentes
Distribución de puntuación
Porcentaje de gente con cada puntuación
Porcentaje por número respondido
Historial de tus puntuaciones
No has intentado esta prueba.